000 00436nam a2200181Ia 4500
001 8204
005 20260306160552.0
008 260306t2006||||xx |||||||||||||| ||spa||
041 _aESP
082 _a370.15
_bG23
100 _aGarcía González, Enrique
_eAUT
245 0 _aLa psicología de Vigotski en la enseñanza preescolar
260 _c2006
300 _a
_c
650 _aGEN
654 _aCED
942 _cLIB
_dJUS
_fJUS
_2ddc
_n
999 _c8204
_d8204